Learning from the experts (Record no. 84050)

MARC details
000 -LEADER
fixed length control field 00972cab a22001935a 4500
001 - CONTROL NUMBER
control field L156519
008 - FIXED-LENGTH DATA ELEMENTS--GENERAL INFORMATION
fixed length control field 120531e20120526xxk 000 0 eng d
035 ## - SYSTEM CONTROL NUMBER
System control number (Sirsi) u156519
041 0# - LANGUAGE CODE
Language code of text/sound track or separate title eng
100 1# - MAIN ENTRY--PERSONAL NAME
Personal name Dixon, Graeme
245 00 - TITLE STATEMENT
Title Learning from the experts
260 ## - PUBLICATION, DISTRIBUTION, ETC.
Date of publication, distribution, etc. 2012
490 ## - SERIES STATEMENT
Series statement Estates Gazette
Volume/sequential designation (1221) 26 May 2012, 89(1)
520 ## - SUMMARY, ETC.
Summary, etc. Examines expert determination, an alternative form of dispute resolution which is being increasingly turned to in a variety of real estate disputes. Explains the advantages of having an expert determination clause in a contractual agreement which include the resolution procedure being a relatively quick and effective method to decide on technical matters in comparison to court or arbitration proceedings. Disadvantages include the fact that a properly drafted clause will exclude the jurisdiction of the courts.
590 ## - LOCAL NOTE (RLIN)
Local note KA
651 #4 - SUBJECT ADDED ENTRY--GEOGRAPHIC NAME
Geographic name United Kingdom
690 ## - LOCAL SUBJECT ADDED ENTRY--TOPICAL TERM (OCLC, RLIN)
Topical term or geographic name as entry element Dispute resolution
9 (RLIN) 6236
942 ## - ADDED ENTRY ELEMENTS (KOHA)
Suppress in OPAC 0
Holdings
Withdrawn status Lost status Source of classification or shelving scheme Damaged status Not for loan Home library Current library Shelving location Date acquired Total Checkouts Full call number Barcode Date last seen Copy number Price effective from Koha item type
    Dewey Decimal Classification     London London Journal article 31/05/2012   L156519 156519-1001 06/08/2019 1 06/08/2019 Journal article